00568nam a22001697a 450000500170000001000150001702000260003202000230005803500130008103700130009408200060010710000190011324501300013226000390026227000710030130000260037220141211155917.0 aENG-111351 c270.00a9789382536635 c270.00a9382536639 aEN-94883 bDBAD/PUB aS aPradhan, Nihar aMakeup and breakup stories :cby Nihar Pradhan ; foreworded by Abhimanyu Acharyabcontemporary classics for digital natives / aNew DelhibLifi Publicationsc2014 a211, Second Floor, Gagandeep 12, Rajendra PlacebNew Delhie110008 axv, 301p. c23cm(pbk)